000 nam a22 a 4500
999 _c60081
_d60081
003 BLK
005 20221108111519.0
008 221108b bul|||||r ||||||| ||bul||
010 _aKNG00064212000
040 _aBLK
041 _aBUL
_cBUL
080 _aВодоснабдяване. Пречистване на водите. Вж и 627.8; 628.3; 644. Вътрешна водопроводно-канализационна мрежа вж 696.1
_b628.1
_x(075.8)
_z628.1(075.8)
100 1 _aПетров, Петър Цоков
_eпърви автор
_9289590
139 _aПетров, Петър Цоков и др.
245 1 0 _aВодоснабдяване
_bУчебник за студентите от ВИСИ
_cПетър Цоков Петров; съавт. Петър Д. Игнатов; науч. ред. Цветана Бъчварова.
257 _aBGR
260 _aСофия
_bТехника
_c1977
300 _a571 с.
_c24 см
380 _a62
700 1 _aИгнатов, Петър Димитров
_eсъавт.
_971965
700 1 _aБъчварова, Цветана
_eнауч. ред.
_9289591
852 _aЦб 90308
856 4 _qpdf
_i0.00
_ldisable
856 4 _qpdf
_i0.00
_ldisable
942 _cKNG
_n0
_02
_s1
944 _aCR
_c13.06.2004
_kЧиталня
944 _aED
_c07.09.2015
999 _d60081